Ils ont joué à ... Manchester United (Mort subite) - Statistiques

Statistiques générales
  • Ce quiz a été pris 1 031 fois
  • Le résultat moyen est 10 sur 14
Answers on the Grid
Answers color-coded by a green-red scale on the quiz's grid according to % correct below.
Ryan Giggs
Didier Drogba
Karim Benzema
Ashley Cole
Denis Law
Antoine Griezmann
Djibril Cissé
Bobby Charlton
Gary Neville
Kylian Mbappé
Edwin van der Sar
David Beckham
Frank Lampard
David de Gea
George Best
Marco van Basten
Ruud van Nistelrooy
Michel Platini
Luka Modrić
Anthony Martial
Peter Schmeichel
David Ginola
Oliver Kahn
Eric Cantona
Wayne Rooney
Lionel Messi
Rodri
Paul Scholes
 
Statistiques - réponses
Réponse % Correct
Ryan Giggs
96%
David Beckham
72%
David de Gea
72%
Anthony Martial
71%
Gary Neville
70%
Wayne Rooney
70%
Edwin van der Sar
69%
Eric Cantona
69%
Ruud van Nistelrooy
68%
Paul Scholes
66%
Bobby Charlton
65%
Peter Schmeichel
61%
George Best
57%
Denis Law
53%
Aucun quiz correspondant
Distribution des résultats
% des personnes avec chaque résultat
Percentile par nombre de réponses
Votre historique - résultats
Vous n’avez pas pris ce quiz